Statystyki dla gminy powiatu proszowickiego z mapą

Kliknij tutaj aby rozwiązać quiz!

Ogólne statystyki

  • Ten quiz został rozwiązany 8 razy
  • Średni wynik to 4 z 6

Odpowiedzi na mapie

Odpowiedzi skodowane kolorowo w zielono-czerwonej skali na mapie do tego quizu, zgodnie z poniższymi procentami.
 

Statystyki odpowiedzi

WskazówkaOdpowiedź% Poprawnych
gmina miejsko-wiejskaProszowice
100%
gmina miejsko-wiejskaNowe Brzesko
71%
gmina wiejskaKoniusza
57%
gmina miejsko-wiejskaKoszyce
57%
gmina wiejskaPałecznica
57%
gmina wiejskaRadziemice
29%

Rozkład punktacji

Percentyl według liczby udzielonych odpowiedzi

Procent ludzi z każdym wynikiem

Twoja historia wyników

Nie rozwiązałeś tego quizu